El Inca de Cuzco /
Na minha lista:
| Autor principal: | |
|---|---|
| Outros Autores: | |
| Formato: | Recurso Electrónico livro electrónico |
| Idioma: | espanhol |
| Publicado em: |
Tres Cantos, Madrid, España :
Akal,
[2010]
|
| Colecção: | Para descubrir a los clásicos ;
18. |
| Assuntos: | |
| Acesso em linha: | Digitalia Hispánica |
| Tags: |
Adicionar Tag
Sem tags, seja o primeiro a adicionar uma tag!
|
MARC
| LEADER | 00000nam a2200000 i 4500 | ||
|---|---|---|---|
| 001 | DIGAKAL0649 | ||
| 003 | NyNyDIG | ||
| 007 | cr ||||||||||| | ||
| 008 | 220617s2010 sp a o 000 1 spa d | ||
| 006 | m o d | ||
| 035 | |a (OCoLC)1283856307 | ||
| 040 | |a DGITA |b eng |e rda |e pn |c DGITA | ||
| 020 | |a 9788446049173 |q eBook | ||
| 020 | |z 9788446031802 | ||
| 050 | 1 | 4 | |a PM6308.55.S63 ebook |
| 100 | 1 | |a Juárez, Jorge M., |d 1976- |e author. | |
| 245 | 1 | 3 | |a El Inca de Cuzco / |c Jorge M. Juárez ; ilustraciones de David Ouro. |
| 264 | 1 | |a Tres Cantos, Madrid, España : |b Akal, |c [2010] | |
| 300 | |a 1 online resource : |b color illustrations. | ||
| 336 | |a text |b txt |2 rdacontent | ||
| 337 | |a computer |b c |2 rdamedia | ||
| 338 | |a online resource |b cr |2 rdacarrier | ||
| 347 | |a text file |2 rdaft | ||
| 347 | |b PDF | ||
| 490 | 1 | |a Una lectura con juegos para descubrir a los clásicos | |
| 588 | 0 | |a Online resource; title from PDF title page (Digitalia, viewed June 17, 2022) | |
| 655 | 7 | |a Adaptations. |2 lcgft | |
| 655 | 0 | |a Electronic books. | |
| 700 | 1 | |a Ouro, David, |e illustrator. | |
| 730 | 0 | 2 | |i Adaptation of (expression): |a Ollantay (Play). |l Spanish |
| 791 | 2 | |a Digitalia (Firm), |e distributor. | |
| 793 | 0 | |g Digitalia eBook Collection: |a Akal | |
| 776 | 0 | 8 | |i Print version: |a Juárez, Jorge M., 1976- |t Inca de Cuzco. |d Tres Cantos, Madrid, España : Akal, [2010] |z 9788446031802 |
| 830 | 0 | |a Para descubrir a los clásicos ; |v 18. | |
| 856 | 4 | 0 | |3 Digitalia Hispánica |u https://digitalia.unach.elogim.com/a/70735/ |
| 910 | |a Premium collection: 2022 | ||